000 00561nam a2200205Ia 4500
003 OSt
005 20251004112941.0
008 210210b1984 xxu||||| |||| 00| 0 eng d
040 _cAL
041 _aKannada
082 _aK894.9 CHEM
100 _aಚೆನ್ನವೀರ ಕಣವಿ
_9241612
245 _aMadhura Chenna.
_bಮಧುರ ಚೆನ್ನ
260 _aBengaluru
_bKarnataka Sahitya Akademi
_c1984
300 _avi,58
650 _aChennamallappa
_9241613
690 _aKannada Criticism
_9241614
906 _aSG03011
942 _2ddc
_cSG
999 _c114154
_d114154